00426nam a2200145Ia 450000500170000000800410001702000060005808200150006410000230007924500750010226000530017730000130023065000240024365000130026720240906050929.0240331s9999 xx 000 0 und d a  bPARa677  aPararajasingham, E 0aTextile history of Sri Lanka : bfrom ancient times to new millennium aColombobParanan Associate private Limitedc2006 a264 p ., a Textile Industry  aHistory